Statistics for Country Picture Puzzle Game #12

Click here to take the quiz!

General Stats

  • This quiz has been taken 550 times
    (535 since last reset)
  • The average score is 6 of 17

Answer Stats

Hint Answer % Correct
HTML tutorial Ho Chi ____ CityMinh
94%
HTML tutorial Archipelago Madeira belongs to which country?Portugal
72%
HTML tutorial MagyarországHungary
59%
HTML tutorial Newcastle upon ____Tyne
51%
HTML tutorial Animal in Spanish coat of armsLion
49%
HTML tutorial Capital city of WyomingCheyenne
44%
Sri Lanka
40%
HTML tutorial Highest mountain in RussiaMount Elbrus
35%
HTML tutorial Biggest city in coastal Ivory CoastAbidjan
33%
HTML tutorial Capital city of SardiniaCagliari
29%
HTML tutorial Capital city of Faroe IslandsTórshavn
21%
HTML tutorial Where can you find freshwater seal spiciesBaikal Lake
16%
HTML tutorial Westernmost state of IndiaGujarat
15%
HTML tutorial The largest lake in TurkeyLake Van
11%
HTML tutorial Fictional country from movie "The Terminal"Krakozhia
11%
HTML tutorial Strait that separates Italy and AlbaniaStrait of Otranto
8%
HTML tutorial Homecountry of Livingstone's fruit batComoros
6%

Score Distribution

Percentile by Number Answered

Percent of People with Each Score

Your Score History

You have not taken this quiz since the last reset